Rétorika v praxi příručka moderního člověka

Guardado en:
Detalles Bibliográficos
Autor principal: Wieke, Thomas
Otros Autores: Pešková, Renata
Formato: Libro
Lenguaje:checo
Publicado: Dobřejovice Rebo Productions 2005
Materias:
Etiquetas: Agregar Etiqueta
Sin Etiquetas, Sea el primero en etiquetar este registro!

MARC

LEADER 00000nam$a2200000$$$4500
001 0083824
005 20221129082932.3
020 |a 80-7234-418-8 
041 0 |a cze 
044 |a CZ 
245 1 0 |a Rétorika v praxi  |b příručka moderního člověka  |c Thomas Wieke ; přeložila: Renata Pešková 
264 1 |a Dobřejovice  |b Rebo Productions  |c 2005 
300 |a 205 s. 
610 2 0 |a rétorika 
610 2 0 |a komunikácia 
610 2 0 |a teória a prax 
610 2 0 |a poradenstvo 
610 2 0 |a prejavy 
610 2 0 |a prednášky 
610 2 0 |a aktivita spoločenská 
100 1 |a Wieke, Thomas 
700 1 |a Pešková, Renata